มุมมองปกติ
มุมมองแบบ MARC
- France. Parlement.
รายการ Corporate Name
001 - CONTROL NUMBER
- control field: 237
003 - CONTROL NUMBER IDENTIFIER
- control field: NALT
005 - DATE AND TIME OF LATEST TRANSACTION
- control field: 20170615134127.0
008 - FIXED-LENGTH DATA ELEMENTS
- fixed length control field: 170615|| aca||aabn | a|a d
040 ## - CATALOGING SOURCE
- Original cataloging agency: NALT
- Transcribing agency: NALT
110 ## - HEADING--CORPORATE NAME
- Corporate name or jurisdiction name as entry element: France. Parlement.
- Subordinate unit: Assemblee Nationale
- General subdivision: Rules and practice
670 ## - SOURCE DATA FOUND
- Source citation: Work cat.: (NALT)20791: France. Parlement. Assemblee Nationale 236, The National Assembly : , 2001
